Chirurgiens d'autrefois: (Record no. 38979)

MARC details
000 -LEADER
fixed length control field 00590cam a22002051 4500
001 - CONTROL NUMBER
control field med48001104
003 - CONTROL NUMBER IDENTIFIER
control field DLC
005 - DATE AND TIME OF LATEST TRANSACTION
control field 20260227111610.0
008 - FIXED-LENGTH DATA ELEMENTS--GENERAL INFORMATION
fixed length control field 791026s1944 fr ac 000 0 fre
010 ## - LIBRARY OF CONGRESS CONTROL NUMBER
LC control number med48001104
035 ## - SYSTEM CONTROL NUMBER
System control number (OCoLC)5592052
040 ## - CATALOGING SOURCE
Original cataloging agency DLC
Transcribing agency NBiSU
Modifying agency WU-M
-- DLC
050 00 - LIBRARY OF CONGRESS CALL NUMBER
Classification number R507.A1
Item number V3
100 2# - MAIN ENTRY--PERSONAL NAME
Personal name Vallery-Radot, Pierre,
Dates associated with a name 1889-
245 00 - TITLE STATEMENT
Title Chirurgiens d'autrefois:
Remainder of title la famille d'Eugeǹe Sue.
260 ## - PUBLICATION, DISTRIBUTION, ETC.
Place of publication, distribution, etc. [Paris]
Name of publisher, distributor, etc. Ricou [et] Ocia
Date of publication, distribution, etc. [1944]
300 ## - PHYSICAL DESCRIPTION
Extent 214, [1] p.
Other physical details illus., ports.
Dimensions 25 cm.
600 30 - SUBJECT ADDED ENTRY--PERSONAL NAME
Personal name Sue family.
650 #0 - SUBJECT ADDED ENTRY--TOPICAL TERM
Topical term or geographic name entry element Physicians
Form subdivision Correspondence

No items available.

Powered by Koha